Ritorno Dall'aldila' Romanzo

Uloženo v:
Podrobná bibliografie
Hlavní autor: Philip K.Dick
Médium: Kniha
Jazyk:neznámý jazyk
Vydáno: Fanucci
Tagy: Přidat tag
Žádné tagy, Buďte první, kdo vytvoří štítek k tomuto záznamu!

MARC

LEADER 00000nam a2200000Ia 4500
001 R-1692
003 CODICE-MESSINA
005 20260212102511.0
008 260211s9999 xx 000 0 und d
040 |c importazione_messina 
100 |a Philip K.Dick 
245 0 |a Ritorno Dall'aldila' 
245 0 |b Romanzo 
260 |b Fanucci 
942 |2 ddc  |c BK 
952 |0 0  |1 0  |2 ddc  |4 0  |6 SCAFFALE_16_000000000000000__STANZA_2__GIORNALISMO  |7 0  |9 32533  |a ME  |b ME  |d 2026-02-11  |l 0  |o SCAFFALE 16 - STANZA 2 - GIORNALISMO  |p R-1692  |r 2026-02-11 23:53:15  |w 2026-02-11  |x [REVISIONARE]  |y BK 
999 |c 28200  |d 28200